Statistics for Countries With the Most Expats

Click here to take the quiz!

General Stats

  • This quiz has been taken 29,696 times
    (15,270 since last reset)
  • The average score is 15 of 21

Answer Stats

PopulationOrigin Country% Correct
10.7 mChina
98%
3.17 mUnited States
97%
17.5 mIndia
96%
4.27 mUnited Kingdom
96%
10.5 mRussia
93%
11.8 mMexico
91%
4.01 mGermany
87%
6.30 mPakistan
85%
3.49 mTurkey
78%
4.53 mIndonesia
78%
3.55 mEgypt
75%
7.84 mBangladesh
71%
4.45 mPoland
70%
8.23 mSyria
70%
5.38 mPhilippines
67%
5.90 mUkraine
65%
5.12 mAfghanistan
59%
3.57 mRomania
48%
3.14 mMorocco
45%
3.70 mMyanmar
40%
4.01 mKazakhstan
34%

Score Distribution

Percentile by Number Answered

Percent of People with Each Score

Your Score History

You have not taken this quiz since the last reset